01658cam a22003974i 4500003000900000005001700009008004100026035002000067040003300087100004100120245025700161264001000418300003900428336002100467337002500488338002300513502005900536504002400595520042400619526001001043526001001053526000901063526000901072526000901081526000901090526000901099526000901108526000901117526000801126526000801134526000801142526000801150526000801158650005101166700004301217PE-LiUPU20250731165410.0151021s2008 pe a grm 000 0 spa d a(Sirsi) a154998 aPE-LiUPUbspacPE-LiUPUerda1 aJara Pilco, Cinthia Esperanzaeautor1 aRelación del nivel de conocimiento y la práctica de higiene de las Madres en la preparación de alimentos en los comedores populares del centro poblado menor Miguel Graú y Nueva Alianza durante el periodo de Mayo /cCinthia Esperanza Jara Pilco. 0c2008. a86 hojas : bilustraciones;c30 cm atext2rdacontent aunmediated2rdamedia avolume2rdacarrier aTesisb(Lic.) -- cUniversidad Peruana Unión,d2008. aIncluye referencias3 aEn nuestro país, existen muchas enfermedades relacionadas con la salud del niño, de la madre y d ella comunidad. Sin embargo, las enfermedades gastrointestinales son las mas importantes, las cuales, según los diversos estudios realizados, quedan ubicadas en el tercer puesto de morbi -mortalidad, especialmente producida por la inadecuada higiene y manipulación indebida a los alimentos durante su preparación aSEG44 aSEG26 aP151 aP150 aP149 aP146 aP145 aP126 aP125 aP92 aP75 aP74 aP27 aP1504aComedores popularesxCondiciones higiénicas.1 aHuamán Villanueva, Elena Rutheautor